000 00688nam a2200253Ia 4500
003 OSt
005 20221007102146.0
006 a|||||r|||| 00| 0
007 ta
008 221006b |||||||| |||| 00| 0 eng d
020 _a8188327093
024 _a9,572
037 _cTextual
040 _aLCO
_cLCO
_beng
041 _2eng
_aeng
082 _aZ2,2674, P4
100 _aSyed S.A.
_9685697
245 0 _aGuide to Information Technology
_b Cyber Law's and E-Commerce
260 _aDelhi
_bCapital Law House India
_c2004
300 _a94+252
650 _aINFORMATION TECHNOLOGY
942 _hZ2,2674, P4
_cTEXL
999 _c1179135
_d1179135